000
00315nam a2200121Ia 4500
005
20251222154321.0
008
251222s9999||||xx |||||||||||||| ||spa||
082
_a
150.985 L45
100
_a
Ramón León
245
0
_a
Contribuciones a la Historia de la Psicología en el Perú
264
_b
CONCYTEC
942
_c
LIB
999
_c
33761
_d
33761